000 00383 a2200157 4500
001 60474
020 _a8586179256
040 _cAnchieta - Pituba
100 _aRubim, Antônio Albino Canelas
240 1 0 _aComunicação e política
_lpor
245 1 0 _aComunicação e política
300 _a136
362 0 _a2000
650 4 _aComunicação / Comunicação social
942 _cBK
999 _c60474
_d60474